Al cielo iremos los de siempre /

Nacido en 1919 en Sitges, provincia de Barcelona, el dibujante y escritor español Antonio Mingote aprendió a dibujar en forma autodidacta y posteriormente fue discípulo del pintor Angel Novella. Tras la Guerra Civil española, ingresó a la Academia de Transformación de Infantería en Guadalajara, dond...

Celý popis

Uloženo v:
Podrobná bibliografie
Hlavní autor: Mingote, Antonio (autor)
Další autoři: Hernando, Bernardino M. (prólogo) (prólogo)
Médium: Kniha
Jazyk:španělština
Vydáno: Madrid, España : Promoción Popular Cristiana, 1984, c1984
Edice:(Colección Isaac de Humor Religioso ; 1)
Témata:
Tagy: Přidat tag
Žádné tagy, Buďte první, kdo vytvoří štítek k tomuto záznamu!

MARC

LEADER 00000nam^a2200000^a^4500
001 000284492
005 20250521000000.0
009 20260526134658.934
020 |a 84-286-0695-0 
037 |a Acervo ITESO - Biblioteca 
041 |a ESP 
082 |a 847.  |b MIN 
100 |a Mingote, Antonio  |e (autor) 
245 1 0 |a Al cielo iremos los de siempre /  |c A. Mingote ; pról. de B.M. Hernando. 
264 4 |a Madrid, España :  |b Promoción Popular Cristiana,  |c 1984, c1984 
300 |a 131 p. 
336 |a texto  |b txt  |2 rdacontenido 
337 |a sin mediación  |b n  |2 rdamedio 
338 |a volumen  |b nc  |2 rdasoporte 
440 1 |a (Colección Isaac de Humor Religioso ;  |v 1) 
520 |a Nacido en 1919 en Sitges, provincia de Barcelona, el dibujante y escritor español Antonio Mingote aprendió a dibujar en forma autodidacta y posteriormente fue discípulo del pintor Angel Novella. Tras la Guerra Civil española, ingresó a la Academia de Transformación de Infantería en Guadalajara, donde comenzó a dibujar en La Cabra, una revista extraoficial que se distribuía en la Academia. Sin embargo, el inicio formal de su trayectoria como humorista gráfico fue en la revista La Codorniz en 1946; siete años después, el dibujante comenzó su larga colaboración con el diario ABC. Fundó en 1955 la publicación humorística Don José, que dirigió durante sus primeros cien números, y en 1967 Prensa Española instituyó un premio con su nombre, del que fue el primer ganador, destinado a reconocer los trabajos de humor y periodismo gráfico. El barcelonés, cuyos cartones han sido reproducidos y traducidos en diversos medios extranjeros, es autor de Historia de la gente; Pequeño planeta (1957), que reúne sus dibujos preferidos hasta entonces; el muy celebrado volumen de Hombre solo (1970) y Hombre atónito, entre otros títulos humorísticos. Empero, la creatividad de Mingote también se extiende a otros ámbitos, como muestran las novelas Las palmeras de cartón (1948) y Adelita en su desván, la obra de teatro El oso y el madrileño (1974) y sus colaboraciones como guionista de cine y televisión. Reconocido con el Premio Nacional de Periodismo (1980) y el Premio Iberoamericano de Humor Gráfico "Quevedos" (1988), entre otros galardones, Mingote ingresó en 1987 a la Real Academia de la Lengua Española y fue investido en 2005 Doctor Honoris Causa por la Universidad de Alcalá de Henares. 
649 |a XX 
650 |a Catolicismo -  |x Anécdotas y Chistes -  |x Tema Principal 
650 |a Cristianismo -  |x Anécdotas y Chistes 
650 |a Religión -  |x Anécdotas y Chistes 
650 |a Historietas y Caricaturas de Temas Religiosos -  |x Tema Principal 
650 |a Historietas y Caricaturas Catalanas 
650 |a Historietas y Caricaturas Españolas 
650 |a Medios Impresos 
650 |a Medios de Comunicación 
650 |a Comunicación Visual 
650 |a Comunicación Masiva 
650 |a Literatura Española -  |y Siglo XX 
700 |a Hernando, Bernardino M.  |e (prólogo) 
910 |a Fondo General 
920 |a Impresos - Libros 
930 |a Colección General 
940 |a Literatura 
905 |a 101 
901 |a 0500170822  |b IT1  |c LIT  |u 20250521 
902 |a https://opac.biblio.iteso.mx/vufind/Record/000284492